| 000 | 01400nam0a2200337 i 4500 | ||
|---|---|---|---|
| 001 | RU\NLR\bibl\2031278 | ||
| 005 | 20241105172826.0 | ||
| 010 |
_a9785444800614 _91000 |
||
| 021 |
_aRU _b2013-26704 _91844 |
||
| 035 | _a(NLR Aleph) 002019140 | ||
| 090 |
_a4496035 _c4496035 |
||
| 100 | _a20130422d2013 u y0rusy50 ca | ||
| 101 | 0 | _arus | |
| 102 | _aRU | ||
| 105 | _aa ||||||||| | ||
| 200 | 1 |
_aРеализм судьбы _fАлександр Путов _g[предисл. К. Чалаева _gподгот. текста и примеч. Ильи Кукуя и Андрея Лебедева] |
|
| 210 |
_aМосква _cНовое литературное обозрение _d2013 |
||
| 215 |
_a683 с., [34] л. ил., цв. ил., портр., факс. _d21 |
||
| 300 | _aНа обороте тит. л. авт.: худож. А. Путов | ||
| 320 | _aИмен. указ.: с. 669-680 | ||
| 600 | 1 |
_aПутов _bА.С. _f1940 - 2008 _gАлександр Сергеевич _92145892 _3RU\NLR\auth\661597489 |
|
| 686 | _aЩ143(2Р=Рус)6-8Путов | ||
| 686 | _aЩ153(2Р=Рус)6-8Путов | ||
| 700 | 1 |
_aПутов _bА. С. _f1940-2008 _gАлександр Сергеевич _4070 |
|
| 702 | 1 |
_aКукуй _bИ. _gИлья _4570 |
|
| 801 | 0 |
_aRU _bNLR _c20130422 _gRCR |
|
| 801 | 1 |
_aRU _bNLR _c20130422 |
|
| 830 | _aавт. по кн. | ||
| 942 | _cBOOK | ||
| 980 | _aNBR | ||